Les Avatars connus (et nommés) dans Avatar,le Dernier Maître de l'Air - Statistiques

Statistiques générales
  • Ce quiz a été pris 29 fois
  • Le résultat moyen est 5 sur 9
Statistiques - réponses
Avatars connus % Correct
Aang
100%
Korra
96%
Kyoshi
84%
Roku
84%
Wan
56%
Yangchen
52%
Kuruk
44%
Szeto
12%
Salai
0%
Aucun quiz correspondant
Distribution des résultats
% des personnes avec chaque résultat
Percentile par nombre de réponses
Votre historique - résultats
Vous n’avez pas pris ce quiz